000 00868nam a22003017a 4500
001 BR6010529
003 BR-BrBNA
005 20230928083328.0
007 ta
008 230509b bl.||||| |||| 00| 0 por d
040 _aBR-BrBNA
_bpor
_cBiblioteca Nacional de Agricultura
041 _a(Por)
072 _aE15; E10
090 _ E15 BR6010529
110 1 _aBanco do Nordeste do Brasil S.A., Fortaleza, CE
245 1 _aProblemas de credito rural
260 3 _a[np](Brasil):
_c[nd].
300 _a25 p.
500 _aPublished after 1958. (*) Documento disponível na(o) Banco do Nordeste do Brasil S.A., Fortaleza, CE
650 _aCREDITO RURAL
650 _aLEGISLACAO
650 _aPOLITICA ECONOMICA
650 _aINSTITUICAO FINANCEIRA
650 _aDIRETRIZ
650 _aCOOPERATIVA
909 _a202309
_bLucia
_c55
_dLucia Elande
942 _cBK
999 _c12841
_d12841